| 000 | 02867cam a22005177i 4500 | ||
|---|---|---|---|
| 001 | 21998560 | ||
| 003 | BJBSDDR | ||
| 005 | 20240606153029.0 | ||
| 007 | ta | ||
| 008 | 201208s2021 enk b 001 0 eng d | ||
| 010 | _a 2020478392 | ||
| 015 |
_aGBC107749 _2bnb |
||
| 016 | 7 |
_a020083640 _2Uk |
|
| 020 | _a9781783965458 (hbk.) | ||
| 020 | _a1783965452 (hbk.) | ||
| 035 | _a(OCoLC)on1233316460 | ||
| 040 |
_aUKMGB _beng _cUKMGB _erda _dOCLCO _dOCLCF _dUKMGB _dDLC |
||
| 041 | _aeng | ||
| 042 | _alccopycat | ||
| 050 | 1 | 4 |
_aT 14.5 _bF668f 2021 |
| 082 | 0 | 0 | _a306.46 |
| 100 | 1 |
_aFollows, Tracey _936369 |
|
| 245 | 1 | 4 |
_aThe future of you : _bcan your identity survive 21st-century technology? / _cTracey Follows. |
| 264 | 1 |
_aLondon : _bElliott and Thompson, _c2021. |
|
| 300 |
_a231 pages ; _c23 cm. |
||
| 336 |
_atext _2rdacontent |
||
| 337 |
_aunmediated _2rdamedia |
||
| 338 |
_avolume _2rdacarrier |
||
| 504 | _aIncludes bibliographical references and index. | ||
| 505 | 0 | _aKnowing you Watching you Creating you Connecting you Replacing you Enhancing you Destroying you | |
| 520 | _aWho am I?' is one of the most fundamental questions we ask of ourselves throughout our lives. But in the twenty-first century, this is becoming increasingly difficult to answer as technology forces us to negotiate different versions of ourselves distributed across a digital world. Now, Facebook gets a say in verifying who we are, science can alter our biology and reinvent us over time, and advances in AI are revolutionizing how we interact with the world around us. Understanding and defining who you are has become confusing and chaotic and in some ways is already out of our control. In an age of digital disruption, creativity and innovation, Follows argues that we need to find a way to embrace a new era of personal identity, while ensuring we preserve our autonomy from state authorities, technology platforms and emergent social systems. From surveillance and identity hacking to social media and our legacies beyond the grave, The Future of You is a fascinating and urgent exploration of what personal identity will mean for all of us in the coming decades"--Publisher's description. | ||
| 650 | 0 |
_aTechnology _xSocial aspects. |
|
| 650 | 4 |
_aTecnología _xAspectos sociales _94783 |
|
| 650 | 0 |
_aTechnology _xPsychological aspects. |
|
| 650 | 4 |
_aTecnología _xAspectos psicológicos _936466 |
|
| 650 | 0 |
_aDigital media _xSocial aspects. |
|
| 650 | 4 |
_aMedios digitales _xAspectos sociales _926689 |
|
| 650 | 0 | _aIdentity (Psychology) | |
| 650 | 4 |
_aIdentidad (Psicología) _926504 |
|
| 776 | 0 | 8 |
_iebook version : _z9781783965465 |
| 906 |
_a7 _bcbc _ccopycat _d3 _encip _f20 _gy-gencatlg |
||
| 942 |
_2lcc _cBK |
||
| 946 | _isba | ||
| 999 |
_c121361 _d121361 |
||